'N' Celebrity Images Quiz Stats

 Plays Quiz Updated Jan 10, 2019

Support Sporcle.
Go Orange.
Score 0/20 Timer 05:00
0 Plays Today
% Correct
Chuck Norris
89.8%
Jack Nicholson
80.8%
Willie Nelson
77.1%
Liam Neeson
73.2%
Bill Nye
70.5%
Olivia Newton-John
69.9%
Leslie Nielsen
59.9%
Paul Newman
59%
Edward Norton
58.4%
Nick Nolte
54.7%
% Correct
Rafael Nadal
53.7%
Joe Namath
49.9%
Leonard Nimoy
49.6%
Bob Newhart
48.2%
Steve Nash
46.1%
Oliver North
43%
Cynthia Nixon
40.4%
Stevie Nicks
37.2%
Martina Navratilova
36.6%
Chris Noth
34.3%

You're not logged in!

Compare scores with friends on all Sporcle quizzes.
OR
Log In
Forgot?

From the Vault

Last Country 'Stan'-ding

by 15schaa

Don't sit this one out.
Remove Ads.
Support Sporcle.
Get the best of Sporcle when you Go Orange. This ad-free experience offers more features, more stats, and more fun while also helping to support Sporcle. Thank you for becoming a member.

Show Comments

Extras

Top Quizzes Today


Score Distribution

Your Account Isn't Verified!

In order to create a playlist on Sporcle, you need to verify the email address you used during registration. Go to your Sporcle Settings to finish the process.

Report this User

Report this user for behavior that violates our Community Guidelines.

Details: